00477nam a22001577a 450000500170000001000150001702000110003203500130004303700130005608200120006910000210008124500940010226000430019627000590023930000210029820140421121811.0 aENG-109221 c150.00 aEN-92754 bDBAD/PUB a320.954 aYechury, Sitaram aConfronting challenges :cby Sitaram Yechurybmemorial lectures and some major speeches / aHyderabadbPrajasakti Book Housec2013 aM.H. Bhavan, Plot No.21/1, AzamabadbHyderabade500020 a204p.c22cm(pbk)